| 000 | 00705nam a22001935i 4500 | ||
|---|---|---|---|
| 001 | 168894 | ||
| 003 | ES-MaACL | ||
| 005 | 20230906213924.0 | ||
| 008 | 080620s1885 fr |||| | fre d | ||
| 080 | _a782.089.6 | ||
| 100 | 1 |
_aReyer, Ernest. _9137928 |
|
| 245 | 1 | 0 |
_aSigurd [ _hmúsica impresa] _b: opéra en 4 actes et 9 tableaux / _cde Camille du Locle et Alfred Blau ; musique de E. Reyer. |
| 260 |
_aParis : _bG. Hartmann, _c[1885] |
||
| 300 |
_a1 partitura vocal (503 p.) ; _c28 cm. |
||
| 650 | 1 | 4 |
_aÓperas- _xPartituras vocales. _9137997 |
| 700 | 1 |
_aLocle, Camille du. _9137929 |
|
| 700 | 1 |
_aBlau, Alfred. _9138022 |
|
| 852 | 4 |
_aES-MaACL _jL-29310 _9R.143661 _zBiblioteca Jacinto Martínez Lacalle |
|
| 999 |
_c168894 _d168894 |
||